书目信息 |
| 题名: |
MATLAB图像处理
|
|
| 作者: | 赵小川 编著 | |
| 分册: | 能力提高与应用案例 | |
| 出版信息: | 北京 北京航空航天大学出版社 2014 |
|
| 页数: | 396页 | |
| 开本: | 24cm | |
| 丛书名: | ||
| 单 册: | ||
| 中图分类: | TN911.73 | |
| 科图分类: | ||
| 主题词: | Matlab软件--应用--数字图象处理 | |
| 电子资源: | ||
| ISBN: | 978-7-5124-1317-7 | |
| 000 | 00818nam0 2200241 450 | |
| 001 | 012015000838 | |
| 005 | 20150914104644.19 | |
| 010 | @a978-7-5124-1317-7@dCNY55.00 | |
| 100 | @a20140204d2014 em y0chiy50 ea | |
| 101 | 0 | @achi |
| 102 | @aCN@b110000 | |
| 105 | @aa z 000yy | |
| 106 | @ar | |
| 200 | 1 | @aMATLAB图像处理@AMATLAB tu xiang chu li@i能力提高与应用案例@f赵小川编著 |
| 210 | @a北京@c北京航空航天大学出版社@d2014 | |
| 215 | @a396页@d24cm | |
| 300 | @a学以致用 | |
| 330 | @a本书分为提高篇和应用篇两大部分,共4章,内容包括:精通“图像特征提取”、细说“数字图像理解”、品读“典型应用实例”和活用“数字图像处理”。 | |
| 606 | 0 | @aMatlab软件@x应用@x数字图象处理 |
| 690 | @aTN911.73@v5 | |
| 701 | 0 | @a赵小川@Azhao xiao chuan@4编著 |
| 801 | 0 | @aCN@b碧洲教育@c20150718 |
| 905 | @a10447@f4@dTN911.73@e142 | |
| MATLAB图像处理.能力提高与应用案例/赵小川编著.-北京:北京航空航天大学出版社,2014 |
| 396页;24cm |
| 学以致用 |
| ISBN 978-7-5124-1317-7:CNY55.00 |
| 本书分为提高篇和应用篇两大部分,共4章,内容包括:精通“图像特征提取”、细说“数字图像理解”、品读“典型应用实例”和活用“数字图像处理”。 |
| ● |
| 相关链接 |
|
|
|
|
正题名:MATLAB图像处理
索取号:TN911.73/142
 
预约/预借
| 序号 | 登录号 | 条形码 | 馆藏地/架位号 | 状态 | 备注 |
| 1 | 0847839 | 208478397 | 第二样本阅览室/ [索取号:TN911.73/142] | 在馆 | |
| 2 | 0847840 | 208478404 | 密集书库—计算机科学学院/ [索取号:TN911.73/142] | 在馆 | |
| 3 | 0847841 | 208478413 | 第三借阅区/ [索取号:TN911.73/142] | 在馆 | |
| 4 | 0847842 | 208478422 | 第三借阅区/ [索取号:TN911.73/142] | 在馆 |